| 000 | 00369nam a2200121Ia 4500 | ||
|---|---|---|---|
| 008 | 220204s9999 xx 000 0 und d | ||
| 082 |
_a338.43:631.117 _bMOS |
||
| 100 | _aMOSHER, Arthur T | ||
| 245 | 0 | _aGetting agriculture moving(Karshikabhivrudhi Kaivarikaan) | |
| 260 |
_aTrivandrum _bState Inst of Languages _c1977 |
||
| 650 | _aAgricultural development | ||
| 942 | _cBK | ||
| 999 |
_c22819 _d22819 |
||